| 000 -LEADER |
| fixed length control field |
00644nam a2200205 4500 |
| 001 - CONTROL NUMBER |
| control field |
21792 |
| 003 - CONTROL NUMBER IDENTIFIER |
| control field |
BD-DhUAP |
| 005 - DATE AND TIME OF LATEST TRANSACTION |
| control field |
20230406115538.0 |
| 008 - FIXED-LENGTH DATA ELEMENTS--GENERAL INFORMATION |
| fixed length control field |
230406b2009 bg ||||| |||| 00| 0 eng d |
| 020 ## - INTERNATIONAL STANDARD BOOK NUMBER |
| International Standard Book Number |
9847022000400 |
| 040 ## - CATALOGING SOURCE |
| Original cataloging agency |
BD-DhUAP |
| Language of cataloging |
Eng |
| Transcribing agency |
BD-DhUAP |
| Modifying agency |
BD-DhUAP |
| 082 ## - DEWEY DECIMAL CLASSIFICATION NUMBER |
| Edition number |
23 |
| Classification number |
928.5492 CHO |
| 100 ## - MAIN ENTRY--PERSONAL NAME |
| Personal name |
Choudhury, Ziauddin M. |
| 245 ## - TITLE STATEMENT |
| Title |
Assassination of Ziaur Rahman and the aftermath / |
| Statement of responsibility, etc. |
Ziauddin M. Choudhury |
| 260 ## - PUBLICATION, DISTRIBUTION, ETC. |
| Place of publication, distribution, etc. |
Dhaka : |
| Name of publisher, distributor, etc. |
University Press, |
| Date of publication, distribution, etc. |
c2009. |
| 300 ## - PHYSICAL DESCRIPTION |
| Extent |
93 p. : |
| Dimensions |
22 cm. |
| 600 ## - SUBJECT ADDED ENTRY--PERSONAL NAME |
| Source of heading or term |
Ziaur, |
| Personal name |
Rahman, |
| Dates associated with a name |
1936-1981 |
| General subdivision |
Assassination. |
| 651 ## - SUBJECT ADDED ENTRY--GEOGRAPHIC NAME |
| Geographic name |
Bangladesh |
| General subdivision |
Politics and government |
| Chronological subdivision |
1971- |
| 942 ## - ADDED ENTRY ELEMENTS (KOHA) |
| Source of classification or shelving scheme |
|
| Koha item type |
Book |